000 00520nam a22001937a 4500
005 20160111042930.0
008 101019s2012 nyuabo b 001 0 eng
020 _a9780073532479
020 _a0073532479
041 0 _aeng
080 _a304
100 1 _aStiling, Peter D.
245 1 0 _aEcology :
_cPeter D. Stiling.
260 _aNew York :
_bMcGraw-Hill,
_c2012.
300 _a652 f. :
_bme il.;
_c28 cm.
505 _aIndex: f. 632 - 652
650 0 _aEkologji
942 _2udc
_cBK
999 _c783
_d783